MIS essentials / (Record no. 22218)
[ view plain ]
| 000 -LEADER | |
|---|---|
| fixed length control field | 01005cam a22003015a 4500 |
| 001 - CONTROL NUMBER | |
| control field | 016595458 |
| 003 - CONTROL NUMBER IDENTIFIER | |
| control field | OSt |
| 005 - DATE AND TIME OF LATEST TRANSACTION | |
| control field | 20201128023813.0 |
| 008 - FIXED-LENGTH DATA ELEMENTS--GENERAL INFORMATION | |
| fixed length control field | 131216t2014 enka fr 001 0 eng d |
| 020 ## - INTERNATIONAL STANDARD BOOK NUMBER | |
| International Standard Book Number | 9781292039770 |
| 020 ## - INTERNATIONAL STANDARD BOOK NUMBER | |
| International Standard Book Number | 1292039779 (paperback) |
| 040 ## - CATALOGING SOURCE | |
| Original cataloging agency | UkOxU |
| Language of cataloging | eng |
| Transcribing agency | UkOxU |
| Modifying agency | Uk |
| 082 04 - DEWEY DECIMAL CLASSIFICATION NUMBER | |
| Classification number | 658.4038011 |
| Edition number | 22 |
| Item number | KRO |
| 100 1# - MAIN ENTRY--PERSONAL NAME | |
| Personal name | Kroenke, David M., |
| Dates associated with a name | 1948- |
| 9 (RLIN) | 38411 |
| 245 10 - TITLE STATEMENT | |
| Title | MIS essentials / |
| Statement of responsibility, etc | David M. Kroenke. |
| 250 ## - EDITION STATEMENT | |
| Edition statement | 3rd ed., Pearson new international ed. |
| 260 ## - PUBLICATION, DISTRIBUTION, ETC. (IMPRINT) | |
| Place of publication, distribution, etc | Harlow : |
| Name of publisher, distributor, etc | Pearson Education Limited, |
| Date of publication, distribution, etc | c.2014. |
| 300 ## - PHYSICAL DESCRIPTION | |
| Extent | ii, 388 p. : |
| Other physical details | ill. ; |
| Dimensions | 28 cm. |
| 490 0# - Series Statement | |
| Series statement | Pearson custom library. |
| 500 ## - GENERAL NOTE | |
| General note | Publication date from publisher's website. |
| 500 ## - GENERAL NOTE | |
| General note | Index : p. 381-388. |
| 500 ## - GENERAL NOTE | |
| General note | Adapted for use outside U.S. and Canada from the standard third edition, ©2014. |
| 650 #7 - SUBJECT ADDED ENTRY--TOPICAL TERM | |
| Topical term or geographic name as entry element | Management information systems. |
| Source of heading or term | BUEsh |
| 9 (RLIN) | 1296 |
| 650 #7 - SUBJECT ADDED ENTRY--TOPICAL TERM | |
| Topical term or geographic name as entry element | Database management. |
| Source of heading or term | BUEsh |
| 9 (RLIN) | 11309 |
| 651 ## - SUBJECT ADDED ENTRY--GEOGRAPHIC NAME | |
| Source of heading or term | BUEsh |
| 653 ## - INDEX TERM--UNCONTROLLED | |
| Resource For college | BAEPS, Business Administration |
| Arrived date list | August 2016 |
| 942 ## - ADDED ENTRY ELEMENTS (KOHA) | |
| Source of classification or shelving scheme | Dewey Decimal Classification |
| Withdrawn status | Item status | Source of classification or shelving scheme | Damaged status | Not for loan | Vendor | Home library | Current library | Shelving location | Date acquired | Source of acquisition | Cost, normal purchase price | Serial Enumeration / chronology | Total Checkouts | Full call number | Barcode | Date last seen | Cost, replacement price | Koha item type |
|---|---|---|---|---|---|---|---|---|---|---|---|---|---|---|---|---|---|---|
| Dewey Decimal Classification | Baccah | Central Library | Central Library | First floor | 24/08/2016 | Purchase | 660.00 | 25136 | 658.4038011 KRO | 000033338 | 15/07/2025 | 825.00 | Book - Borrowing |